| 000 | 00451nam a22001577a 4500 | ||
|---|---|---|---|
| 020 | _a9781498766296 | ||
| 040 | _cNUST | ||
| 082 | _a621.82 JOS | ||
| 100 |
_a Josephs, Harold _998299 |
||
| 110 |
_aHuston, Ronald L Blake, Alexander _998300 |
||
| 245 | _aBlake's Design of Mechanical Joints | ||
| 250 | _a2ND ED. | ||
| 260 |
_aBoca Raton: _bCRC Press, _c2019. |
||
| 650 |
_aBlake's Design of Mechanical Joints.NUSTTB2022 _9102825 |
||
| 942 |
_2ddc _cBK |
||
| 999 |
_c591252 _d591252 |
||